Представление документа в формате RUSMARC

ПолеНазваниеЗначение
  Тип записи a
  Библиографический уровень m
001 Контрольный номер RU/УОНБ/EK_N/362077265
005 Дата корректировки 20251120115432.9
010 Индекс ISBN __
9 Тираж 25000 экз.
013 Номер (ISMN) __
d Цена 55 к.
071 Издательские номер (звукозапись и ноты) 21
a Номер, присвоенный агентством 1238
100 Данные общей обработки __
a Данные общей обработки 20110531g1985 u y0rusy0189||||ca
101 Язык документа 0_
a Язык текста rus
f Язык титульного листа rus
102 Страна публикации __
a Страна публикации RU
105 Кодированные данные (монография) __
a Кодированные данные (монография) y###||||000|y
125 Кодированные данные звукозаписи и нотных изданий __
a Форма изложения нотного текста m|
128 Кодированные данные (звукозаписи-физические характеристики) __
a Кодированные данные: Музыкальная форма и тональность или лад ccn
c Инструменты или голоса, рекомендуемые для солистов (устаревшее) vu||
200 Заглавие и сведения об ответственности 1_
a Заглавие Вып. 14
210 Выходные данные __
d Дата издания 1985
215 Физическое описание __
a Объем 38 c.
327 Примечание о содержании 11
a Примечание о содержании Содерж. : Петров А. Под лаской плюшевого пледа : из кф. "Жестокий романс" / стихи М. Цветаевой ; перелож. для голоса с фп. В. Моделя. - Кладницкий В. Родился я в Сибири : из одноименного кф. / сл. Ю. Яковлева. - Успенский В. Безответная любовь / сл. Л. Смоленской. - Плешак В. Кто придумал цирк? / сл. Ю. Погорельского. - Кухалев Т. Неба синева / сл. И. Сергеевой. - Резников В. Мой маленький дворик / сл. В. Резникова, Ю. Бодрова. - Морозов А. Мы купили пианино : песня-шутка / сл. Л. Волкова. - Кажлаев М. Баллада о Неве : из ревю "Миллион новобрачных" / сл. О. Левицкого. - Плешак В. Любимая команда / сл. В. Гина.
461 Уровень набора _0
1 001RU/УОНБ/EK_N/360174769
1 200
a Песня, гитара и я
b [Ноты]
e популяр. эстрад. песни для голоса в сопровожд. фп. (гитары)
f сост. В. Моделя
v Вып. 14
1 210
a Л.
a М.
c Сов. композитор
d 1974 -
464 Аналитический уровень _0
1 2001
a Под лаской плюшевого пледа
e Под лаской плюшевого пледа...
e из кф. "Жестокий романс"
1 700 1
a Петров
b А.
1 702 1
a Цветаева
b М.
4 520
1 50010
a Жестокий романс
464 Аналитический уровень _0
1 2001
a Родился я в Сибири
e Расскажи мне сибирскую сказку...
e из одноименного кф.
1 700 1
a Кладницкий
b В.
1 702 1
a Яковлев
b Ю.
4 520
1 50010
a Родился я в Сибири
464 Аналитический уровень _0
1 2001
a Безответная любовь
e Есть любовь, что не признана...
1 700 1
a Успенский
b В.
1 702 1
a Смоленская
b Л.
4 520
464 Аналитический уровень _0
1 2001
a Кто придумал цирк?
e Ну кто придумал этот цирк...
1 700 1
a Плешак
b В.
1 702 1
a Погорельский
b Ю.
4 520
464 Аналитический уровень _0
1 2001
a Неба синева
e Встретились с тобой давнею порой...
1 700 1
a Кухалев
b Т.
1 702 1
a Сергеева
b И.
4 520
464 Аналитический уровень _0
1 2001
a Мой маленький дворик
e К любому из нас приходит тот час...
1 700 1
a Резников
b В.
1 702 1
a Резников
b В.
a Бодров
b Ю.
4 520
464 Аналитический уровень _0
1 2001
a Мы купили пианино
e Меня внезапно разбудил...
e песня-шутка
1 700 1
a Морозов
b А.
1 702 1
a Волков
b Л.
4 520
464 Аналитический уровень _0
1 2001
a Баллада о Неве
e Ты, как невеста, нежная и гордая...
e из ревю "Миллион новобрачных"
1 700 1
a Кажлаев
b М.
1 702 1
a Левицкий
b О.
4 520
1 50010
a Миллион новобрачных
464 Аналитический уровень _0
1 2001
a Любимая команда
e Опять футболом болен Ленинград
1 700 1
a Плешак
b В.
1 702 1
a Гин
b В.
4 520
512 Заглавие обложки 1_
a Заглавие обложки Песня, гитара и я
606 Тематические рубрики 0_
a Основная рубрика Песни эстрадные
606 Тематические рубрики 0_
a Основная рубрика Киномузыка
610 Ключевые слова 0_
a Ключевые слова эстрадные песни
610 Ключевые слова 0_
a Ключевые слова музыка из кино-телефильмов
610 Ключевые слова 0_
a Ключевые слова футбол
686 Индексы других классификаций __
a Классификационный индекс 85.943.4-42-041.5я43
a Классификационный индекс 85.943.4-64-041.5я43
2 Код системы rubbk
801 Источник записи __
a Страна RU
b Организация Ульяновская ОНБ
c Дата составления 20110531
g Правила каталогизации RCR
901 Тип документа __
t Тип документа n
w Контрольный № источника RU/УОНБ/EK_N/360174769
909 Создатель записи __
a Создатель записи Никитина Т. А.
938 Служебная информация __
a Имя БД noti
b Имя библиотеки УОНБ
c Имя АИБС МАРК-SQL
d Номер DOC_ID в БД 8914